| 000 | 00905cam a22002658i 4500 | ||
|---|---|---|---|
| 001 | 19083686 | ||
| 003 | OSt | ||
| 005 | 20240207093046.0 | ||
| 008 | 160505s2017 flu b 001 0 eng | ||
| 020 | _a9781498756044 (hardback : alk. paper) | ||
| 040 |
_aNUST _beng _cNUST _erda _dNUST |
||
| 050 | 0 | 0 | _aTL671.28 SAH |
| 100 | 1 |
_aSaha, Pradip K., _eAuthor. |
|
| 245 | 1 | 0 |
_aAerospace manufacturing processes / _cPradip K. Saha. |
| 260 |
_aBoca Raton : _bCRC Press, _c©2017. |
||
| 300 |
_axxi, 471 pages : _billustrations _c27 cm. |
||
| 336 |
_atext _btxt _2rdacontent |
||
| 337 |
_aunmediated _bn _2rdamedia |
||
| 338 |
_avolume _bnc _2rdacarrier |
||
| 504 | _aIncludes bibliographical references and index. | ||
| 650 | 0 |
_aAirplanes _xDesign and construction. |
|
| 650 | 0 |
_aSpace vehicles _xDesign and construction. |
|
| 650 | 0 | _aAerospace industries. | |
| 942 |
_2lcc _cBOOKS _hTL671.28 _kTL _mSAH _n0 |
||
| 999 |
_c170772 _d170772 |
||